000 00636nam a22002171i 4500
001 183160
003 ES-MaACL
005 20250804062801.0
008 140128s1981 sp |||| | spa d
020 _a84-7245-120-8
080 _a1
100 1 _aWatts, Alan.
_9116209
245 1 0 _aNueve meditaciones /
_cAlan Watts ; [traducción, Marta Guastavino].
250 _a[2ª ed.].
260 0 _aBarcelona :
_bKairos,
_c1981.
300 _a113 p. ;
_c20 cm.
650 0 7 _aFilosofía
_2embne
_912802
700 1 _aGuastavino, Marta I.
_960368
852 _aES-MaACL
_jL-29966
_z.- Donat. Miguel A. Velasco
999 _c183160
_d183160